北京地铁10号线地铁站 - Statistics

General Stats
  • This quiz has been taken 32 times
  • The average score is 32 of 45
Answer Stats
Transfers Stations % Correct
西郊线 巴沟
96%
4号线 海淀黄庄
88%
19号线 牡丹园
88%
5号线 惠新西街南口
88%
19号线 大兴机场线 草桥
88%
首都机场线 三元桥
85%
6号线 呼家楼
85%
金台夕照
85%
5号线 亦庄线 宋家庄
85%
13号线 知春路
81%
8号线 北土城
81%
1号线 国贸
81%
16号线 苏州街
77%
昌平线 西土城
77%
农业展览馆
77%
14号线 17号线 十里河
77%
8号线(暂缓开通) 大红门
77%
14号线 西局
77%
知春里
73%
13号线 芍药居
73%
17号线 太阳宫
73%
7号线 双井
73%
火器营
73%
亮马桥
69%
潘家园
69%
角门东
69%
4号线 角门西
69%
6号线 慈寿寺
69%
健德门
65%
分钟寺
65%
1号线 公主坟
65%
安贞门
62%
劲松
62%
成寿寺
62%
9号线 六里桥
62%
团结湖
58%
长春桥
58%
房山线 首经贸
54%
16号线 丰台站
54%
泥洼
54%
西钓鱼台
54%
石榴庄
50%
莲花桥
50%
车道沟
50%
纪家庙
42%
No matching quizzes found
Score Distribution
Percent of People with Each Score
Percentile by Number Answered
Your Score History
You have not taken this quiz